00882cam a22002297a 4500003000500000005001700005008004100022010000900063011000900072035000900081040000900090100004300099245009800142260004000240300001500280500001000295502020400305650003700509650003600546650004900582650002100631CHAP20220329133351.0971013s1992 r 00010 d a5517 a6489 a5709 cCHAP00aCandelario Rodríguez, David Jesús.14aLas estrategias ambientales de Petróleos Mexicanos en la Selva Lacandona, estado de Chiapas aChapingo, Méx. :bEl Autor,c1992 ac.a 115 h. a58-52 aTesis (Diplomado sobre Protección y Mejoramiento del Ambiente en América Latina) -- UACH. Curso Internacional para Postgraduados sobre Protección y Mejoramiento del Ambiente en América Latina14aMedio ambientexContaminación.14aPolítica petroleraxMéxico.14aRecursos naturalesxConservaciónzChiapas.14aSelvasxChiapas.